Estructuras de datos orientadas a objetos. Pseudocódigo y aplicaciones en C#.Net
Gardado en:
| Autor Principal: | |
|---|---|
| Formato: | Libro |
| Idioma: | Lingua castelá |
| Publicado: |
Cuernavaca , México;
Alfaomega
2012
|
| Subjects: | |
| Tags: |
Engadir etiqueta
Sen Etiquetas, Sexa o primeiro en etiquetar este rexistro!
|
MARC
| LEADER | 00000cam a2200000 a 4500 | ||
|---|---|---|---|
| 001 | UCE5341 | ||
| 003 | CL-VaPUC | ||
| 005 | 20240405085845.0 | ||
| 008 | 141230e20120900mx |||||||||||||||||spa|d | ||
| 999 | |c 358088 |d 358086 | ||
| 020 | |a 9786077075295 | ||
| 040 | |c Pontificia Universidad Católica de Valparaíso | ||
| 082 | 0 | 4 | |a 005.133 LOP 2012 |2 21 |
| 100 | |a López Takeyas, Bruno |e autor |9 577922 | ||
| 245 | 1 | 0 | |a Estructuras de datos orientadas a objetos. |b Pseudocódigo y aplicaciones en C#.Net |
| 260 | |a Cuernavaca , México; |b Alfaomega |c 2012 | ||
| 300 | |a 486 p | ||
| 583 | |a last modification |c 20150107 04:18:36 |k Rodrigo Vera | ||
| 650 | 0 | |a Lenguajes de programación |9 259458 | |
| 650 | 0 | |a Estructuras de datos (Informática) |9 260607 | |
| 650 | 0 | |a Programación orientada al objeto |9 387863 | |
| 852 | |a BIBCUR | ||
| 942 | |c BK |2 ddc | ||
| 945 | |d 20141230 16:04:00 |a dcastane | ||
| 952 | |0 0 |1 0 |3 erb |4 0 |6 005_133000000000000_LOP_2012 |7 0 |8 A |9 459538 |a BIBING |b BIBING |i 5030803 |o 005.133 LOP 2012 |p 5030803 |r 2025-01-20 |w 2019-11-23 |y BK |z Catalogado en:20131125 |k CCI | ||
| 952 | |0 0 |1 0 |3 erb |4 0 |6 005_133000000000000_LOP_2012 |7 0 |8 A |9 459539 |a BIBING |b BIBING |i 5030811 |o 005.133 LOP 2012 |p 5030811 |r 2025-01-20 |w 2019-11-23 |y BK |z Catalogado en:20131125 |k CCI | ||
| 952 | |0 0 |1 0 |3 erb |4 0 |6 005_133000000000000_LOP_2012 |7 0 |8 A |9 459540 |a BIBING |b BIBING |i 503082K |o 005.133 LOP 2012 |p 503082K |r 2025-01-20 |w 2019-11-23 |y BK |z Catalogado en:20131125 |k CCI | ||
| 952 | |0 0 |1 0 |3 erb |4 0 |6 005_133000000000000_LOP_2012 |7 0 |8 A |9 459541 |a BIBING |b BIBING |i 5030838 |o 005.133 LOP 2012 |p 5030838 |r 2025-01-20 |w 2019-11-23 |y BK |z Catalogado en:20131125 |k CCI | ||
| 952 | |0 0 |1 0 |3 erb |4 0 |6 005_133000000000000_LOP_2012 |7 0 |8 A |9 459542 |a BIBING |b BIBING |i 5030846 |o 005.133 LOP 2012 |p 5030846 |r 2025-01-20 |w 2019-11-23 |y BK |z Catalogado en:20131125 |k CCI | ||
| 952 | |0 0 |1 0 |3 erb |4 0 |6 005_133000000000000_LOP_2012 |7 0 |8 A |9 459543 |a BIBING |b BIBING |i 5240883 |o 005.133 LOP 2012 |p 5240883 |r 2025-01-20 |w 2019-11-23 |y BK |z Catalogado en:20151002 |k CCI | ||
| 952 | |0 0 |1 0 |3 erb |4 0 |6 005_133000000000000_LOP_2012 |7 0 |8 A |9 459544 |a BIBING |b BIBING |i 5240891 |o 005.133 LOP 2012 |p 5240891 |r 2025-01-20 |w 2019-11-23 |y BK |z Catalogado en:20151002 |k CCI | ||
| 952 | |0 0 |1 0 |3 erb |4 0 |6 005_133000000000000_LOP_2012 |7 0 |8 A |9 466428 |a BIBING |b BIBING |i 5132320 |o 005.133 LOP 2012 |p 5132320 |r 2025-01-20 |w 2019-11-23 |y BK |z Catalogado en:20141230 |k CCI | ||
| 952 | |0 0 |1 0 |3 erb |4 0 |6 005_133000000000000_LOP_2012 |7 0 |8 A |9 466429 |a BIBING |b BIBING |i 5132339 |o 005.133 LOP 2012 |p 5132339 |r 2025-01-20 |w 2019-11-23 |y BK |z Catalogado en:20141230 |k CCI | ||
| 952 | |0 0 |1 0 |3 erb |4 0 |6 005_133000000000000_LOP_2012 |7 0 |8 A |9 466430 |a BIBING |b BIBING |i 5132347 |o 005.133 LOP 2012 |p 5132347 |r 2025-01-20 |w 2019-11-23 |y BK |z Catalogado en:20141230 |k CCI | ||
| 952 | |0 0 |1 0 |2 ddc |4 0 |6 005_133000000000000_LOP_2012 |7 0 |8 A |9 577120 |a BIBING |b BIBING |d 2020-12-14 |e 82 |g 24597.00 |i 5579384 |o 005.133 LOP 2012 |p 5579384 |r 2025-01-20 |t 11 |v 24597.00 |w 2020-12-14 |y BK |k CCI | ||
| 952 | |0 0 |1 0 |2 ddc |4 0 |6 005_133000000000000_LOP_2012 |7 0 |8 A |9 577121 |a BIBING |b BIBING |d 2020-12-14 |e 82 |g 24597.00 |i 5579392 |o 005.133 LOP 2012 |p 5579392 |r 2025-01-20 |t 12 |v 24597.00 |w 2020-12-14 |y BK |k CCI | ||